000 00253nam a2200097Ia 4500
001 711366
005 20250826162807.0
008 250824s9999 xx 000 0 und d
245 0 _aGİZEMLİ EFSANE AZİZ!İN YOLCULUĞU
_cÖZGÜR GEZ
260 _bATLIKARINCA
999 _c711366
_d711366